| 000 | 00781nam a22001577a 4500 | ||
|---|---|---|---|
| 003 | OSt | ||
| 005 | 20161108144046.0 | ||
| 008 | 161108b xxu||||| |||| 00| 0 eng d | ||
| 040 | _cRUA | ||
| 082 | _aAGE SOT 2015 B170 Or.1 | ||
| 100 |
_911231 _aSOTH PENH; សូត្រ ពេញ |
||
| 245 | _aStudy on processing of rice production system of norm srim rice mill in khan dongkor, phnom penh; សិក្សាពិខ្សែសង្វាក់ផលិតកម្មនៃប្រព័ន្ធផលិតកម្មអង្កររបស់រោងម៉ាស៊ីនកិនស្រូវ ណម ស្រ៉ីម ខណ្ឌដង្កោ ភ្នំពេញ | ||
| 260 |
_aPhnom Penh _bRUA _c2015 |
||
| 300 |
_axii; 47p; _bill; _c29cm; |
||
| 942 |
_2ddc _cFIS |
||
| 999 |
_c10802 _d10802 |
||